Journal of Intellectual Property, Information Technology and E-Commerce Law

Bibliographic Details
Format: Serial
Language:English
Published: [Alemania] : DIPP. Digital Peer Publishing, 2010 -
Subjects:
Online Access:Acceso restringido

MARC

LEADER 00000nas a22000007a 4500
005 20110909141958.0
008 110909c2010 gw zn|||s|||| 00| a1eng d
022 |a 2190-3387 
035 |a 5677 
040 |a vLex 
090 |c 2411  |d 2411 
245 0 0 |a Journal of Intellectual Property, Information Technology and E-Commerce Law   |h [Recurso electrn̤ico] 
246 |a JIPITEC 
256 |a Servicio en ln̕ea. 
260 |a [Alemania] :  |b DIPP. Digital Peer Publishing,  |c 2010 - 
300 |a 1 recurso electrn̤ico 
310 |a Irregular 
362 |a Nm︢. 1 (2010) - 
500 |a  JIPITEC aims at providing a forum for in-depth legal analysis of current issues of intellectual property, information technology and E-commerce law with the main focus on European law. Its intention is to develop an information platform that allows authors and users to work closer together than is the case in classical law reviews. The journal will constantly revise it social media functions for this purpose. However, elements from classical law reviews, especially book reviews, bundling of articles in 2- 4 issues per year etc. will be retained. 
506 1 |a Contenido solo disponible en los productos indicados  |d vLex Global  |d vLex Global (Academic Edition, excluding Law Schools)  |d vLex Global (U.S. Academic Edition, Law Schools)  |d vLex Global (U.S. Academic Edition, excluding Law Schools)  |d vLex Global (Academic Edition, Law Schools) 
650 0 4 |a Propiedad intelectual  |z Alemania 
650 0 4 |a Comercio electrn̤ico  |z Alemania 
740 0 |a vLex Revistas (Servicio en ln̕ea) 
856 4 0 |u http://vlex.com/source/jipitec-journal-intellectual-property-information-technology-e-commerce-law-5677  |z Acceso restringido 
942 |c REV